| 000 | 01388cam a22003377a 4500 | ||
|---|---|---|---|
| 001 | 15957751 | ||
| 005 | 20100111170702.0 | ||
| 008 | 091023s2009 ne a b 001 0 eng d | ||
| 010 | _a 2009517174 | ||
| 015 |
_aGBA945712 _2bnb |
||
| 016 | 7 |
_a015176093 _2Uk |
|
| 020 | _a1856175499 | ||
| 020 | _a9781856175494 | ||
| 035 | _a(OCoLC)ocn229031547 | ||
| 040 |
_aBTCTA _cBTCTA _dBAKER _dYDXCP _dUKM _dBWX _dNUI _dUPM _dDLC |
||
| 042 | _alccopycat | ||
| 050 | 0 | 0 |
_aTA681 _b.W66 2009 |
| 082 | 0 | 4 |
_a624.18340288 _222 _bWOO |
| 100 | 1 |
_aWoodson, R. Dodge _q(Roger Dodge), _d1955- _923461 |
|
| 245 | 1 | 0 |
_aConcrete Structures : _bProtection, Repair and Rehabilitation / _cR. Dodge Woodson. |
| 260 |
_aAmsterdam ; _aBoston : _bButterworth-Heinemann, 2009 _cc2009. |
||
| 300 |
_axii, 255 p. : _bill. ; _c24 cm. |
||
| 504 | _aIncludes bibliographical references and index. | ||
| 650 | 0 |
_aConcrete construction _xTesting. _923462 |
|
| 650 | 0 |
_aConcrete construction _xDeterioration _xPrevention. _923463 |
|
| 650 | 0 |
_aConcrete construction _xMaintenance and repair. _923464 |
|
| 653 |
_bCiv _cApril2011 |
||
| 942 |
_2ddc _cBB |
||
| 999 |
_c15212 _d15212 |
||